ナイト・オブ・ナイツをRemixした人 - Statistics

General Stats
  • This quiz has been taken 26 times
  • The average score is 8 of 42
Answer Stats
アルバム名 アーティスト名 曲名 % Correct
オールナイト・オブ・ナイツ プロジェクト ビートまりお 超ナイト・オブ・ナイツ
55%
オールナイト・オブ・ナイツ ルナティック かめりあ ナイト・オブ・ナイツ (かめりあ' s "ワンス・アポン・ア・ナイト" Remix)
45%
USAO ナイト・オブ・ナイツ (USAO Remix)
41%
cosMo@暴走P ナイト・オブ・ナイツ (CosMo.B.S.P.398 Remix)
36%
原口沙輔 ナイト・オブ・ナイツ (原口・オブ・リミックス)
32%
t+pazolite ナイト・オブ・ナイツ (tpz Overheat Remix)
32%
t+pazolite
32%
MARON (IOSYS) ナイト・オブ・ナイツ (MARON "Bounce!!" Remix)
27%
まろん
23%
黒魔 ナイト・オブ・ナイツ (Chroma Remix)
23%
Cranky ナイト・オブ・ナイツ (Cranky Remix)
23%
Cranky ナイト・オブ・ナイツ (Cranky vs t+pazolite Remix)
23%
八王子P ナイト・オブ・ナイツ (八王子P Remix)
23%
かいりきベア ナイト・オブ・ナイツ (かいりきベア & PHOENIX Project REMIX)
18%
マサラダ ナイト・オブ・ナイツ (マサラダRemix)
18%
サツキ ナイト・オブ・ナイツ (32ki DOSANCORE Remix)
18%
ARM (IOSYS) ナイト・オブ・ナイツ (ARM Remix)
18%
IOSYS ナイト・オブ・IQの低いナイツ (ARM vs D.watt feat.あまね)
18%
豚乙女 ナイト・オブ・ナイツ 豚乙女ver.
14%
魂音泉 ナイト・オブ・ナイツ (feat.ytr) - TOS Remix
14%
まらしぃ まりおさんに贈るナイト・オブ・ナイツ2018
14%
モリモリあつし ナイト・オブ・ナイツ (MRM Remix)
14%
南ノ南 ナイト・オブ・ナイツ (南ノ南AhwowREMIX)
14%
なみぐる ナイト・オブ・ナイツ (namigroove remix)
14%
まらしぃ Re:ナイト・オブ・ナイツ
14%
Amateras Records ナイト・オブ・ナイツ feat. 抹×築山さえ (Amateras Records Remix)
14%
A-One ナイト・オブ・ナイツ (ELEMENTAS Remix)
14%
PHOENIX Project
14%
オールナイト・オブ・ナイツ 暁Records ナイト・オブ・ナイツ -Thousand Knives
14%
REDALiCE ナイト・オブ・ナイツ (REDALiCE Remix)
14%
SOUND HOLIC NIGHT OF FLOWER -幻想郷最速伝説-
14%
xi ナイト・オブ・ナイツ (xi Remix)
14%
ヒゲドライバー ナイト・オブ・ナイツ (Hige Driver Remix)
9%
kors k ナイト・オブ・ナイツ (kors k Remix)
9%
Masayoshi Minoshima ナイト・オブ・ナイツ (ALR Remix)
9%
Ryu☆ ナイト・オブ・ナイツ (Ryu☆Remix)
9%
ジュクチョー 超爆裂無敵100億万パワースーパージュクチョーナイト・オブ・ナイツ
5%
少女理論観測所 ナイト・オブ・ナイツ 少女理論観測所ver.
5%
狐夢想 ナイト・オブ・ナイツ 狐夢想Style
5%
東京アクティブNEETs ナイト・オブ・ニーツ
5%
SAWTOWNE ナイト・オブ・ナイツ feat. Aokiro! (SAWTOWNE Remix)
5%
あきやまうに ナイト・オブ・ナイツ 緋想天 Mix
0%
No matching quizzes found
Score Distribution
Percent of People with Each Score
Percentile by Number Answered
Your Score History
You have not taken this quiz